01147nam a2200193Ia 4500001001100000003001000011008004100021040002500062041001300087100002700100245004100127250001100168260008800179300001200267500026200279501011400541520026200655650003600917L200-52504IT-CnALBA170116s9999||||xx |||||||||||||| ||und|| aIT-CnALBAcIT-CnALBA aITALIANO aMILAN PAOLO, SACERDOTE 0a...E LASCIATE LE RETI LO SEGUIRONO.  a1a ed. aROMAbAVE, ANONIMA VERITA'S EDITRICEc1979 [1° Ed.:1979 - Ed.Ling.Originale: 1979] a230 p.  aQUADERNI CENAC. LA COMUNITÀ CRISTIANA PER LE VOCAZIONI SACERDOTALI E LAICI IN COMUNIONE. LITURGIA FONTE AZIONE CATECHISTICA. RIDESTARE IL DONO DI DIO IN TE. IL SACERDOZIO DI CRISTO E DELLA CHIESA. IL SACRAMENTO DEL BATTESIMO. REGNO DEI SACERDOTI. PASQUA D aSocietà San Paolo EM - Piazza San Paolo, 14 - 12051 ALBA (CN) (non commercial uses only) ® Copyright 2017 aQUADERNI CENAC. LA COMUNITÀ CRISTIANA PER LE VOCAZIONI SACERDOTALI E LAICI IN COMUNIONE. LITURGIA FONTE AZIONE CATECHISTICA. RIDESTARE IL DONO DI DIO IN TE. IL SACERDOZIO DI CRISTO E DELLA CHIESA. IL SACRAMENTO DEL BATTESIMO. REGNO DEI SACERDOTI. PASQUA D aRELIGIONE - RELIGIONE CRISTIANA